[Event "ICS Rated blitz match"]
[Site "207.99.83.229"]
[Date "1999.07.21"]
[Round "?"]
[White "MissSilicon"]
[Black "Hossa"]
[Result "1-0"]
[WhiteElo "2619"]
[BlackElo "2388"]
[PlyCount "91"]
[EventDate "1999.??.??"]

1. e4 Nf6 2. e5 Nd5 3. d4 d6 4. c4 Nb6 5. exd6 cxd6 6. Nf3 Bg4 7. Be2 g6 8. h3
Bd7 9. c5 dxc5 10. dxc5 Na4 11. Qd4 f6 12. Nbd2 Bc6 13. Qxd8+ Kxd8 14. b4 Nc3
15. Bc4 Kc7 16. Bb2 Na4 17. Bd4 Bxf3 18. Nxf3 Nc6 19. Rb1 e5 20. Ba1 a5 21. a3
axb4 22. axb4 Bg7 23. O-O Rhd8 24. Rfc1 Bh6 25. Re1 Bd2 26. Nxd2 Rxd2 27. f4
exf4 28. Bxf6 Rf8 29. Re6 Ra8 30. b5 Nd8 31. Re7+ Kc8 32. Ra1 Nb6 33. Rc7+ Kb8
34. Rxa8+ Nxa8 35. Rxh7 Kc8 36. Rh8 Rd1+ 37. Kf2 Kc7 38. Ke2 Rc1 39. Kd3 f3 40.
gxf3 Rd1+ 41. Kc2 Rd7 42. Be5+ Kc8 43. c6 Nb6 44. Be6 bxc6 45. bxc6 Na4 46.
Bxd7# {Hossa checkmated} 1-0

[Event "ICS Rated blitz match"]
[Site "207.99.83.229"]
[Date "1999.07.21"]
[Round "?"]
[White "Hossa"]
[Black "whoopass"]
[Result "1-0"]
[WhiteElo "2381"]
[BlackElo "2057"]
[PlyCount "63"]
[EventDate "1999.??.??"]

1. d4 c6 2. Nf3 d5 3. c4 Bg4 4. Ne5 Bh5 5. Qb3 Nf6 6. Qxb7 Nbd7 7. Bg5 e6 8.
Nxd7 Qxd7 9. Qxa8+ Ke7 10. Nc3 h6 11. Bf4 g5 12. Bb8 Bg7 13. Qxa7 dxc4 14. Qa3+
Ke8 15. Bd6 Nd5 16. Qa8+ Qd8 17. Qxc6+ Qd7 18. Qa8+ Qd8 19. Qxd8+ Kxd8 20. Nb5
Kd7 21. e4 Nb6 22. Bb4 Rc8 23. Rg1 Bg6 24. f3 f5 25. Ba5 Na4 26. b3 cxb3 27.
axb3 Nb2 28. Bb4 fxe4 29. Ra7+ Kc6 30. Rxg7 Bh5 31. Na7+ Kd5 32. Rd7# {
whoopass checkmated} 1-0

[Event "ICS Rated blitz match"]
[Site "207.99.83.229"]
[Date "1999.07.21"]
[Round "?"]
[White "whoopass"]
[Black "Hossa"]
[Result "0-1"]
[WhiteElo "2053"]
[BlackElo "2385"]
[PlyCount "66"]
[EventDate "1999.??.??"]

1. d4 d5 2. c4 e6 3. Nc3 Nf6 4. Bg5 c6 5. Nf3 Nbd7 6. e3 Qa5 7. Qc2 Ne4 8. Bh4
Bb4 9. Rc1 Qxa2 10. Bd3 Bxc3+ 11. bxc3 Qxc2 12. Rxc2 O-O 13. Bxe4 dxe4 14. Nd2
f5 15. Ke2 b5 16. cxb5 cxb5 17. Ra1 e5 18. Be7 Re8 19. Bb4 Bb7 20. Nb3 Bd5 21.
Nc5 Bc4+ 22. Kd2 Nf6 23. Ra6 Ng4 24. h3 Nxf2 25. Nd7 Nd3 26. g4 exd4 27. exd4
e3+ 28. Ke2 Nxb4+ 29. Ke1 Nxc2+ 30. Kd1 e2+ 31. Kxc2 e1=Q 32. Nf6+ gxf6 33.
Rxf6 33... Re2# {whoopass checkmated} 0-1

[Event "ICS rated blitz match"]
[Site "207.99.83.229"]
[Date "1999.07.21"]
[Round "?"]
[White "Hossa"]
[Black "whoopass"]
[Result "1-0"]
[WhiteElo "2389"]
[BlackElo "2049"]
[Annotator "Fritz 5.32 (17s)"]
[PlyCount "35"]
[EventDate "1999.??.??"]

1. d4 1... d5 {Opening = D35 - 3.Nc3 Nf6(4.cd5 ed5 5.Bg5 c6 6.---)} 2. c4 e6 3.
Nc3 Nf6 4. cxd5 exd5 5. Bg5 Be7 6. e3 b6 7. Bd3 O-O 8. Bxf6 Bxf6 9. Qh5 g6 10.
Qxd5 10... Qxd5 $18 (10... c6 11. Qxd8 Rxd8 12. Nf3 $16) 11. Nxd5 11... Nd7 $18
(11... Bd8 $5 $16) 12. Be4 12... c5 $4 {Schwarz verkuerzt seine Leiden} (12...
Rb8 $18 $142) 13. Nxf6+ Nxf6 14. Bxa8 Ba6 15. Bf3 cxd4 16. exd4 Re8+ 17. Ne2 (
17. Kd2 {ginge schneller} 17... Rd8 18. Ke3 18... h6 $18) 17... Nd5 (17... g5 {
hilft auch nicht mehr} 18. h3 $18) 18. Kd2 (18. Kd2 Kf8 19. Rac1 $18) 1-0

[Event "ICS Rated blitz match"]
[Site "207.99.83.229"]
[Date "1999.07.21"]
[Round "?"]
[White "Hossa"]
[Black "MissSilicon"]
[Result "0-1"]
[WhiteElo "2393"]
[BlackElo "2626"]
[PlyCount "99"]
[EventDate "1999.??.??"]

1. d4 d5 2. c4 dxc4 3. e4 e5 4. Nf3 Nc6 5. d5 Nb4 6. a3 Nd3+ 7. Bxd3 cxd3 8.
Nxe5 Nf6 9. O-O Bd6 10. Nxd3 Ng4 11. Bf4 Bxf4 12. Nxf4 Qd6 13. Qd2 g5 14. h3
gxf4 15. hxg4 Bxg4 16. f3 Bd7 17. Qd4 O-O 18. Qc3 f5 19. Nd2 fxe4 20. fxe4 Bb5
21. Rf2 Rae8 22. Rc1 Rf7 23. Qf3 Qg6 24. b3 Qg7 25. a4 Ba6 26. b4 b6 27. a5 Bb5
28. Rc3 Qd4 29. Qg4+ Rg7 30. Qh3 Be2 31. Nb3 Qxe4 32. axb6 axb6 33. Nd2 Qxb4
34. Rc2 Qd4 35. Qh4 Rg4 36. Qh3 Re3 37. Qh6 Reg3 38. Qe6+ Kh8 39. Qe8+ Rg8 40.
Qe4 Rxg2+ 41. Qxg2 Rxg2+ 42. Kxg2 Qd3 43. Kg1 f3 44. Rxc7 Qxd2 45. Rc8+ Kg7 46.
Rc7+ Kf6 47. Rc6+ Kf5 48. Kh2 Qf4+ 49. Kg1 Qg3+ 50. Kh1 {Hossa resigns} 0-1

[Event "ICS Rated blitz match"]
[Site "207.99.83.229"]
[Date "1999.07.21"]
[Round "?"]
[White "bot"]
[Black "Hossa"]
[Result "1-0"]
[WhiteElo "2831"]
[BlackElo "2386"]
[PlyCount "56"]
[EventDate "1999.??.??"]

1. d4 d5 2. c4 e6 3. Nc3 Nf6 4. Bg5 c6 5. Nf3 Nbd7 6. e3 Bd6 7. Bd3 O-O 8. O-O
h6 9. Bh4 Qe8 10. Qc2 Rb8 11. cxd5 exd5 12. Rae1 Be7 13. e4 Qd8 14. exd5 cxd5
15. Bg3 Ra8 16. Nb5 Nb6 17. Bc7 Qd7 18. Ne5 Qe8 19. Bxb6 axb6 20. Nc7 Qa4 21.
Nxa8 Qxa8 22. Ng6 fxg6 23. Rxe7 Qxa2 24. Qc7 Bd7 25. Rxd7 Nxd7 26. Qxd7 Qxb2
27. Qe6+ Kh8 28. Qxg6 28... Kg8 {Hossa resigns} 1-0

[Event "ICS Rated bullet match"]
[Site "207.99.83.229"]
[Date "1999.07.21"]
[Round "?"]
[White "Hossa"]
[Black "JSBach"]
[Result "1-0"]
[WhiteElo "2340"]
[BlackElo "2098"]
[PlyCount "97"]
[EventDate "1999.??.??"]

1. d4 d6 2. c4 Nf6 3. Nc3 Bf5 4. Qb3 Nc6 5. e3 Qb8 6. d5 Nd8 7. f3 Bd7 8. e4 e6
9. Be3 exd5 10. cxd5 Be7 11. O-O-O O-O 12. Nh3 Re8 13. Bc4 Kf8 14. Rdg1 a5 15.
Ng5 h6 16. Nh3 a4 17. Qd1 a3 18. b3 c5 19. Qe2 Qc7 20. Bb5 Qa5 21. Qd3 Bxb5 22.
Nxb5 Kg8 23. Bd2 Qa6 24. Nf4 Qb6 25. Qe2 Nd7 26. Nc3 Bf6 27. Rf1 Qa5 28. Kc2
Kf8 29. Nb5 Qb6 30. Bc1 Bg5 31. h4 Bxf4 32. Bxf4 Ne5 33. g4 Ra5 34. Bxe5 Rxe5
35. Nc3 Ra6 36. g5 hxg5 37. hxg5 Rxg5 38. Rh7 Kg8 39. Rfh1 Kf8 40. Qd2 Rg6 41.
Qh2 Ke7 42. Qh3 Qb4 43. Rh2 Rb6 44. Qc8 Rh6 45. Qc7+ Kf6 46. Qxd8+ Ke5 47. Qg5+
f5 48. f4+ Kd4 49. Qg1# {JSBach checkmated} 1-0

[Event "ICS Rated blitz match"]
[Site "207.99.83.229"]
[Date "1999.07.21"]
[Round "?"]
[White "matar"]
[Black "Hossa"]
[Result "1-0"]
[WhiteElo "2283"]
[BlackElo "2384"]
[PlyCount "91"]
[EventDate "1999.??.??"]

1. e4 Nf6 2. e5 Nd5 3. c4 Nb6 4. c5 Nd5 5. Nc3 Nxc3 6. dxc3 e6 7. Be3 f6 8. Nf3
Be7 9. Bd3 Nc6 10. Qc2 f5 11. O-O-O O-O 12. h4 a5 13. g4 d5 14. cxd6 cxd6 15.
exd6 Bxd6 16. gxf5 exf5 17. Bc4+ Kh8 18. Ng5 Ne5 19. Bd5 a4 20. Qe2 a3 21. Qh5
axb2+ 22. Kb1 h6 23. f4 Ng4 24. Bd4 Rf6 25. Nf7+ Rxf7 26. Qxf7 Qf8 27. Rhe1
Qxf7 28. Bxf7 Bd7 29. Be6 Bxe6 30. Rxe6 Bxf4 31. Re7 Nf6 32. Kxb2 Bg3 33. Bxf6
gxf6 34. Rdd7 Bxh4 35. Rh7+ Kg8 36. Rxb7 Rb8 37. a4 f4 38. Rhg7+ Kf8 39. a5 f3
40. a6 f2 41. Rgf7+ Kg8 42. Rg7+ Kf8 43. Rgf7+ Kg8 44. a7 Rxb7+ 45. Rxb7 Bg5
46. a8=Q# {Hossa checkmated} 1-0

[Event "ICS Rated blitz match"]
[Site "207.99.83.229"]
[Date "1999.07.21"]
[Round "?"]
[White "Hossa"]
[Black "matar"]
[Result "1-0"]
[WhiteElo "2363"]
[BlackElo "2304"]
[Annotator "Fritz 5.32 (17s)"]
[PlyCount "25"]
[EventDate "1999.??.??"]

1. d4 1... d5 {Opening = D31 - 3.Nc3 --} 2. c4 e6 3. Nc3 c6 4. e4 dxe4 5. Nxe4
Bb4+ 6. Bd2 Qxd4 7. Bxb4 Qxe4+ 8. Ne2 Na6 9. Bf8 Ne7 10. Bxg7 Rg8 11. Bf6 $146
(11. Qd4 Qxd4 12. Bxd4 12... Nb4 $11) 11... Nb4 $4 $18 {
danach wendet sich das Blatt} (11... Qxc4 12. Ng3 Qf4 13. Bxe7 Kxe7 14. Bxa6
14... bxa6 $15) 12. Qd6 {Es droht Matt} 12... Nd3+ (12... Nbd5 13. Rd1 Bd7 (
13... Qxc4 $4 {das Schlagen des Bauern ist schlecht} 14. Rxd5 Qb4+ 15. Qxb4
Nxd5 16. Qh4 $18) 14. Bxe7 14... Qxc4 $18) 13. Kd2 (13. Kd2 Qxe2+ 14. Bxe2 Rxg2
15. Qxe7#) 1-0

[Event "ICS Rated blitz match"]
[Site "207.99.83.229"]
[Date "1999.07.21"]
[Round "?"]
[White "matar"]
[Black "Hossa"]
[Result "0-1"]
[WhiteElo "2291"]
[BlackElo "2376"]
[PlyCount "56"]
[EventDate "1999.??.??"]

1. e4 Nf6 2. e5 Nd5 3. c4 Nb6 4. c5 Nd5 5. Nc3 e6 6. Qg4 d6 7. cxd6 cxd6 8. Nf3
dxe5 9. Nxe5 Nf6 10. Bb5+ Nbd7 11. Qa4 Bd6 12. d4 O-O 13. Bf4 Qc7 14. O-O Nxe5
15. dxe5 Bxe5 16. Bxe5 Qxe5 17. Rfe1 Qg5 18. Rad1 e5 19. Qa5 b6 20. Qa3 Bb7 21.
Bf1 Bf3 22. Rd6 Bg4 23. Rd3 Rfe8 24. Rg3 Qf4 25. h3 Bh5 26. Rge3 a5 27. Qd6 Qb4
28. Rxe5 28... Qxd6 {matar resigns} 0-1

[Event "ICS Rated blitz match"]
[Site "207.99.83.229"]
[Date "1999.07.21"]
[Round "?"]
[White "Hossa"]
[Black "matar"]
[Result "1/2-1/2"]
[WhiteElo "2388"]
[BlackElo "2279"]
[PlyCount "43"]
[EventDate "1999.??.??"]

1. d4 d5 2. c4 e6 3. Nc3 Nf6 4. cxd5 exd5 5. Bg5 Be7 6. e3 O-O 7. Bd3 Nbd7 8.
Qc2 Re8 9. Nf3 Nf8 10. O-O Bg4 11. Qb3 Bxf3 12. gxf3 Bd6 13. Qxb7 Qd7 14. Bxf6
Qh3 15. Be5 Rxe5 16. dxe5 Bxe5 17. f4 Qg4+ 18. Kh1 Qf3+ 19. Kg1 Qg4+ 20. Kh1
Qf3+ 21. Kg1 Qg4+ 22. Kh1 {Game drawn by repetition} 1/2-1/2

[Event "ICS Rated blitz match"]
[Site "207.99.83.229"]
[Date "1999.07.21"]
[Round "?"]
[White "matar"]
[Black "Hossa"]
[Result "0-1"]
[WhiteElo "2284"]
[BlackElo "2383"]
[PlyCount "45"]
[EventDate "1999.??.??"]

1. e4 Nf6 2. e5 Nd5 3. c4 Nb6 4. c5 Nd5 5. Nc3 c6 6. Bc4 d6 7. Nxd5 cxd5 8.
Bxd5 e6 9. Bb3 dxe5 10. Nf3 Bxc5 11. O-O Nc6 12. Re1 Qb6 13. d4 exd4 14. Bg5
Bd7 15. Rc1 O-O 16. Qd3 Nb4 17. Qc4 Rac8 18. a3 Bb5 19. axb4 Bxc4 20. bxc5 Qxb3
21. Nd2 Qb5 22. Nxc4 Rxc5 23. Nd6 {matar resigns} 0-1

[Event "ICS Rated blitz match"]
[Site "207.99.83.229"]
[Date "1999.07.21"]
[Round "?"]
[White "Hossa"]
[Black "matar"]
[Result "1/2-1/2"]
[WhiteElo "2395"]
[BlackElo "2272"]
[PlyCount "43"]
[EventDate "1999.??.??"]

1. d4 d5 2. c4 e6 3. Nc3 Nf6 4. cxd5 exd5 5. Bg5 Be7 6. e3 O-O 7. Bd3 Nbd7 8.
Qc2 Re8 9. Nf3 Nf8 10. O-O Bg4 11. Qb3 Bxf3 12. gxf3 Bd6 13. Qxb7 Rb8 14. Qxa7
Qd7 15. Bxf6 Qh3 16. Be5 Rxe5 17. dxe5 Bxe5 18. f4 Qg4+ 19. Kh1 Qf3+ 20. Kg1
Qg4+ 21. Kh1 Qf3+ 22. Kg1 {Game drawn by mutual agreement} 1/2-1/2

[Event "ICS Rated blitz match"]
[Site "207.99.83.229"]
[Date "1999.07.21"]
[Round "?"]
[White "Hossa"]
[Black "matar"]
[Result "1-0"]
[WhiteElo "2401"]
[BlackElo "2266"]
[PlyCount "83"]
[EventDate "1999.??.??"]

1. d4 d5 2. c4 e6 3. Nc3 Nf6 4. cxd5 exd5 5. Bg5 Be7 6. e3 O-O 7. Bd3 Nbd7 8.
Qc2 Re8 9. Nf3 Nf8 10. O-O-O Bg4 11. Qb3 c5 12. Bxf6 c4 13. Bxe7 Rxe7 14. Bxc4
dxc4 15. Qb5 a6 16. Qc5 Rc8 17. Qg5 Bxf3 18. gxf3 b5 19. Nd5 Re6 20. Qxd8 Rxd8
21. e4 Ng6 22. h4 Ne7 23. Nxe7+ Rxe7 24. Kc2 Re6 25. d5 Rf6 26. Rh3 h5 27. Kc3
Kf8 28. Kb4 Ke7 29. Rg3 g6 30. Ka5 Kd6 31. Rd2 Kc5 32. b4+ Kd6 33. Kxa6 Rb8 34.
Ka7 Rc8 35. Kb6 Rb8+ 36. Ka6 Kc7+ 37. d6+ Kc6 38. Ka7 Rb7+ 39. Ka6 Re6 40. Rg5
Rb6+ 41. Ka5 Rxd6 42. Rxd6+ {matar resigns} 1-0

[Event "ICS Rated blitz match"]
[Site "207.99.83.229"]
[Date "1999.07.21"]
[Round "?"]
[White "Hossa"]
[Black "RETI"]
[Result "1/2-1/2"]
[WhiteElo "2420"]
[BlackElo "2593"]
[PlyCount "125"]
[EventDate "1999.??.??"]

1. d4 Nf6 2. c4 e6 3. Nc3 Bb4 4. Bg5 c5 5. Nf3 h6 6. Bxf6 Bxc3+ 7. bxc3 Qxf6 8.
e4 Nc6 9. e5 Qf4 10. g3 Qe4+ 11. Qe2 Qf5 12. Nh4 Qg5 13. Rd1 cxd4 14. cxd4 Qe7
15. f4 Qb4+ 16. Kf2 b6 17. d5 Na5 18. Qd2 Qxd2+ 19. Rxd2 Ba6 20. dxe6 dxe6 21.
Bg2 Rd8 22. Rxd8+ Kxd8 23. Rc1 Bxc4 24. a3 Ke7 25. Be4 Rd8 26. Nf3 b5 27. h4
Nb3 28. Rc3 h5 29. Ke3 Rd1 30. a4 a6 31. Bc2 Rc1 32. Nd4 Nxd4 33. Kxd4 f6 34.
Bg6 Rxc3 35. Kxc3 Be2 36. Kb4 bxa4 37. Kxa4 fxe5 38. fxe5 Kd7 39. Be4 Kd8 40.
Ka5 Kc7 41. Bg2 Bd3 42. Bh3 Bc4 43. Kb4 Bd5 44. Kc5 Bb3 45. Kb4 Ba2 46. Kc5 a5
47. Kb5 a4 48. Kxa4 Kc6 49. Ka3 Bc4 50. Kb4 Kd5 51. Bxe6+ Kxe6 52. Kxc4 Kxe5
53. Kd3 Kf5 54. Ke3 Kg4 55. Kf2 Kf5 56. Kf3 g6 57. Ke3 Kg4 58. Kf2 g5 59. hxg5
Kxg5 60. g4 hxg4 61. Kg3 Kh5 62. Kf2 g3+ 63. Kxg3 {
Game drawn because neither player has mating material} 1/2-1/2

[Event "ICS Rated blitz match"]
[Site "207.99.83.229"]
[Date "1999.07.21"]
[Round "?"]
[White "RETI"]
[Black "Hossa"]
[Result "1-0"]
[WhiteElo "2586"]
[BlackElo "2427"]
[PlyCount "72"]
[EventDate "1999.??.??"]

1. e4 Nf6 2. e5 Nd5 3. d4 d6 4. Nf3 Nc6 5. c4 Nb6 6. Nc3 Bg4 7. exd6 Bxf3 8.
gxf3 Qxd6 9. Nb5 Qd7 10. d5 a6 11. dxc6 Qxd1+ 12. Kxd1 axb5 13. cxb7 Rd8+ 14.
Kc2 Nxc4 15. a4 Rb8 16. b3 Ne5 17. Bf4 Nd7 18. Bxb5 Rxb7 19. Rhd1 Rxb5 20. axb5
e5 21. Ra8+ Ke7 22. Bc1 f5 23. Ra7 Ke6 24. Rxc7 Nf6 25. Rc8 Rg8 26. b6 Bc5 27.
b7 Ba7 28. Be3 Bb8 29. Rxg8 Nxg8 30. Rd8 Bc7 31. Rxg8 e4 32. Rxg7 Be5 33. fxe4
h5 34. exf5+ Kf6 35. Rh7 h4 36. Kd3 36... Bxh2 {Hossa resigns} 1-0

[Event "ICS rated blitz match"]
[Site "207.99.83.229"]
[Date "1999.07.21"]
[Round "?"]
[White "Hossa"]
[Black "bookbuilder"]
[Result "0-1"]
[WhiteElo "2418"]
[BlackElo "2658"]
[PlyCount "150"]
[EventDate "1999.??.??"]

1. d4 d5 2. c4 dxc4 3. e4 Nf6 4. e5 Nd5 5. Bxc4 c6 6. Nc3 Nxc3 7. bxc3 e6 8.
Qg4 Nd7 9. Ne2 h5 10. Qg5 Qxg5 11. Bxg5 Nb6 12. Bd3 Nd5 13. O-O Be7 14. Bxe7
Nxe7 15. Ng3 Nd5 16. Ne4 O-O 17. Rab1 b6 18. Rbd1 Rd8 19. g3 a5 20. a3 Ba6 21.
Bxa6 Rxa6 22. Rd3 b5 23. Nc5 Raa8 24. Rb1 Kh7 25. f4 h4 26. gxh4 b4 27. axb4
axb4 28. cxb4 Nxf4 29. Rf3 Rxd4 30. Rbf1 Ng6 31. Rxf7 Rg4+ 32. Kh1 Nxe5 33.
R7f4 Ra2 34. Nxe6 Rgg2 35. Ng5+ Kh6 36. Nf3 Rgb2 37. Kg1 Nd3 38. Rf8 g6 39. Kh1
Rxb4 40. Rg1 Rbb2 41. Rh8+ Kg7 42. Re8 Rf2 43. Re3 Nf4 44. Rc1 c5 45. Rb3 c4
46. Re3 Rab2 47. Ra1 Kh6 48. Kg1 Nh3+ 49. Kh1 Rbc2 50. Rae1 Nf4 51. Rg1 c3 52.
h3 Nxh3 53. Rge1 Kh5 54. Rb1 Kg4 55. Ne5+ Kxh4 56. Nxg6+ Kg4 57. Rb4+ Kf5 58.
Nh4+ Kf6 59. Rb6+ Kg5 60. Ng2 Rxg2 61. Rxh3 Rge2 62. Rb1 Kf4 63. Rh8 Rcd2 64.
Rf8+ Ke3 65. Re8+ Kd3 66. Rxe2 Kxe2 67. Kh2 c2 68. Ra1 Ke3+ 69. Kg3 Rd1 70. Ra6
c1=Q 71. Rf6 Qc7+ 72. Kh4 Qh7+ 73. Rh6 Qxh6+ 74. Kg4 Rg1+ 75. Kf5 75... Rg5# {
Hossa checkmated} 0-1

[Event "ICS rated blitz match"]
[Site "207.99.83.229"]
[Date "1999.07.21"]
[Round "?"]
[White "Slivovitz"]
[Black "Hossa"]
[Result "0-1"]
[WhiteElo "2139"]
[BlackElo "2412"]
[PlyCount "166"]
[EventDate "1999.??.??"]

1. e4 Nf6 2. e5 Nd5 3. c4 Nb6 4. d4 d6 5. exd6 Qxd6 6. Be2 c5 7. Nf3 cxd4 8.
Qxd4 Qxd4 9. Nxd4 e5 10. Nb5 Bb4+ 11. Bd2 Na6 12. a3 Bxd2+ 13. Nxd2 O-O 14. b4
Bd7 15. c5 Bxb5 16. Bxb5 Nc7 17. Be2 Nbd5 18. O-O Rad8 19. Nc4 Nc3 20. Rfe1 f6
21. Bf3 Rd4 22. Ne3 b6 23. cxb6 axb6 24. Rec1 N7d5 25. Nxd5 Nxd5 26. Bxd5+ Rxd5
27. Rc6 Rfd8 28. g3 Rb5 29. Rc4 Ra8 30. a4 Rd5 31. Rc6 Rb8 32. a5 Rb5 33. Ra4
bxa5 34. bxa5 R5b7 35. a6 Ra7 36. Kg2 Rd8 37. Rb6 Rdd7 38. Kf3 Kf7 39. Ke4 Kg6
40. Rab4 Rd2 41. Ke3 Ra2 42. Rc4 R2xa6 43. Rxa6 Rxa6 44. h4 h5 45. Kf3 f5 46.
Kg2 Rd6 47. Rc5 e4 48. Re5 Rd2 49. Re8 Kf7 50. Re5 g6 51. Kg1 Kg7 52. Kg2 Kf6
53. Re8 Kf7 54. Re5 Rb2 55. Kg1 Kf6 56. Re8 Rc2 57. Kg2 Ra2 58. Kg1 Ra1+ 59.
Kg2 Rd1 60. Kh2 Rd4 61. Kg2 Rd2 62. Kg1 Rd5 63. Kg2 Rd4 64. Rf8+ Ke7 65. Ra8
Rd2 66. Kg1 Rd8 67. Ra6 Rd6 68. Ra7+ Rd7 69. Ra6 Rd1+ 70. Kg2 Rd6 71. Ra7+ Kf6
72. Rh7 Rd2 73. Kg1 Ke5 74. Rh8 Rd7 75. Re8+ Kd5 76. Kg2 Rd6 77. Rg8 Kd4 78.
Re8 Kc5 79. Re7 Rd2 80. Re8 Kc6 81. Re6+ Kd7 82. Rxg6 e3 83. Kg1 83... e2 {
Slivovitz resigns} 0-1

[Event "ICS rated blitz match"]
[Site "207.99.83.229"]
[Date "1999.07.21"]
[Round "?"]
[White "Abdiel"]
[Black "Hossa"]
[Result "0-1"]
[WhiteElo "2134"]
[BlackElo "2418"]
[PlyCount "47"]
[EventDate "1999.??.??"]

1. e4 Nf6 2. d3 e5 3. Nd2 Be7 4. g3 Nc6 5. Bg2 d5 6. Ne2 O-O 7. O-O Be6 8. f4
Bc5+ 9. Kh1 Ng4 10. f5 Ne3 11. Qe1 Nxc2 12. Qd1 Nxa1 13. fxe6 fxe6 14. exd5
exd5 15. Nf3 e4 16. Ng5 Rxf1+ 17. Bxf1 e3 18. d4 Qxg5 19. dxc5 d4 20. b3 Qxc5
21. Bb2 Nc2 22. Nf4 Na3 23. Bg2 Nb5 24. a4 {Abdiel resigns} 0-1

[Event "ICS rated blitz match"]
[Site "207.99.83.229"]
[Date "1999.07.21"]
[Round "?"]
[White "Hossa"]
[Black "mishah"]
[Result "1-0"]
[WhiteElo "2423"]
[BlackElo "2047"]
[PlyCount "53"]
[EventDate "1999.??.??"]

1. d4 d5 2. c4 c6 3. Nc3 Nf6 4. cxd5 cxd5 5. f3 Nc6 6. e4 e6 7. e5 Nd7 8. f4
Be7 9. Be2 Qb6 10. Nf3 O-O 11. O-O f6 12. Qd2 fxe5 13. Na4 Qc7 14. fxe5 Nb6 15.
Nxb6 Qxb6 16. Bd1 Bd7 17. Bb3 Rf7 18. Qc3 Raf8 19. Be3 Bb4 20. Qd3 Ne7 21. Ng5
Rxf1+ 22. Rxf1 Rxf1+ 23. Qxf1 Be8 24. Bc2 Qd8 25. Bxh7+ Kh8 26. Qf8+ Ng8 27.
Qxg8# {mishah checkmated} 1-0

[Event "ICS rated blitz match"]
[Site "207.99.83.229"]
[Date "1999.07.21"]
[Round "?"]
[White "mcchess"]
[Black "Hossa"]
[Result "0-1"]
[WhiteElo "2145"]
[BlackElo "2426"]
[Annotator "Fritz 5.32 (17s)"]
[PlyCount "31"]
[EventDate "1999.??.??"]

1. e4 1... Nf6 {Opening = B02 - 1.e4 Nf6(2.e5 Nd5 3.---)} 2. Qe2 d6 3. d3 Nc6
4. c3 e5 5. Nf3 Bg4 6. g3 d5 7. Bg2 Qd6 8. O-O O-O-O 9. Be3 dxe4 10. dxe4 Nxe4
11. h3 Bf5 12. Na3 12... Qd3 $15 (12... Nxc3 $5 13. Qc4 13... Qd3 $17) 13. Qxd3
Rxd3 14. Rad1 $2 $19 (14. Nh4 $142 {und Weiss kann noch kaempfen} 14... Nd6 15.
Nxf5 Nxf5 16. Nc4 $15) 14... Nxc3 15. Rxd3 Bxd3 16. bxc3 0-1

[Event "ICS rated blitz match"]
[Site "207.99.83.229"]
[Date "1999.07.21"]
[Round "?"]
[White "Hossa"]
[Black "mcchess"]
[Result "1-0"]
[WhiteElo "2431"]
[BlackElo "2140"]
[PlyCount "79"]
[EventDate "1999.??.??"]

1. d4 Nf6 2. c4 c5 3. d5 b5 4. cxb5 a6 5. f3 g6 6. e4 d6 7. Bg5 Bg7 8. Qd2 h6
9. Be3 g5 10. Nc3 O-O 11. h4 g4 12. Bxh6 Nh7 13. Bxg7 Kxg7 14. fxg4 Bxg4 15.
Qf4 Bd7 16. bxa6 Nxa6 17. a3 e5 18. dxe6 Bxe6 19. Rd1 c4 20. Rxd6 Qf6 21. Qg3+
Kh8 22. Bxc4 Rg8 23. Qh2 Qh6 24. Bxa6 Qc1+ 25. Nd1 Rxa6 26. Rxa6 Bb3 27. Qd6
Rxg2 28. Qb8+ Rg8 29. Qxb3 Qf4 30. Qc3+ f6 31. Ra4 Re8 32. Ne2 Qg4 33. Nf2 Qg2
34. Nf4 Qg7 35. h5 Qd7 36. Rd4 Qb5 37. Ng6+ Kg7 38. Qc7+ Kh6 39. Ng4+ Kg5 40.
Qf4# {mcchess checkmated} 1-0

[Event "ICS rated blitz match"]
[Site "207.99.83.229"]
[Date "1999.07.21"]
[Round "?"]
[White "mcchess"]
[Black "Hossa"]
[Result "0-1"]
[WhiteElo "2135"]
[BlackElo "2436"]
[PlyCount "42"]
[EventDate "1999.??.??"]

1. Nf3 Nf6 2. g3 d5 3. Bg2 e6 4. O-O Bd6 5. d3 O-O 6. Nbd2 e5 7. e4 Nc6 8. c3
Bg4 9. b4 Qd7 10. a4 dxe4 11. dxe4 a6 12. Qc2 Rad8 13. Nc4 Bh3 14. Bg5 Bxg2 15.
Kxg2 Qe6 16. Rfd1 Qxc4 17. Bxf6 gxf6 18. Nh4 Nxb4 19. Qc1 Na2 20. Qh6 Nxc3 21.
Nf5 21... Qxe4+ {mcchess resigns} 0-1

[Event "ICS rated blitz match"]
[Site "207.99.83.229"]
[Date "1999.07.21"]
[Round "?"]
[White "pagoda"]
[Black "Hossa"]
[Result "0-1"]
[WhiteElo "2099"]
[BlackElo "2453"]
[PlyCount "28"]
[EventDate "1999.??.??"]

1. e4 Nf6 2. Nc3 d5 3. e5 d4 4. Nce2 d3 5. cxd3 Nd5 6. Nc3 Nb4 7. Nf3 N8c6 8.
a3 Nxd3+ 9. Bxd3 Qxd3 10. Qe2 Qxe2+ 11. Kxe2 Bg4 12. Nb5 O-O-O 13. d3 a6 14.
Nc3 14... Nd4+ {pagoda resigns} 0-1

[Event "ICS rated blitz match"]
[Site "207.99.83.229"]
[Date "1999.07.21"]
[Round "?"]
[White "Hossa"]
[Black "pagoda"]
[Result "0-1"]
[WhiteElo "2457"]
[BlackElo "2095"]
[PlyCount "130"]
[EventDate "1999.??.??"]

1. d4 Nf6 2. c4 e6 3. Nc3 Bb4 4. Bg5 c5 5. Nf3 Qa5 6. Bd2 d6 7. a3 Bxc3 8. Bxc3
Qc7 9. dxc5 dxc5 10. Bxf6 gxf6 11. Qd3 Nc6 12. O-O-O Bd7 13. Qe3 b6 14. Qh6 Ke7
15. e3 Ne5 16. Nxe5 Qxe5 17. Bd3 Bc6 18. f3 Qg5 19. Qxg5 fxg5 20. Rd2 h5 21.
Rhd1 Rad8 22. b4 h4 23. b5 Bb7 24. Kc2 Rd6 25. e4 Rhd8 26. a4 Rd4 27. Kb3 e5
28. Kb2 Bc8 29. Kc2 Be6 30. Be2 f5 31. exf5 Bxf5+ 32. Kc3 Kf6 33. g3 Bc8 34. g4
Bb7 35. Rd3 Ba8 36. h3 Rxd3+ 37. Rxd3 Rd4 38. Rd2 Rxd2 39. Kxd2 e4 40. fxe4
Bxe4 41. Bf1 Ke5 42. Ke3 Bc2 43. a5 bxa5 44. Bg2 a4 45. Kd2 Be4 46. Bxe4 Kxe4
47. Kc3 Ke3 48. Kb2 Kd3 49. Ka3 Kxc4 50. Kxa4 Kd5 51. Kb3 c4+ 52. Kc3 Kc5 53.
b6 axb6 54. Kc2 Kd4 55. Kd2 c3+ 56. Ke2 b5 57. Ke1 Kd3 58. Kd1 c2+ 59. Kc1 b4
60. Kb2 Kd2 61. Kb3 c1=Q 62. Kxb4 Qc6 63. Kb3 Qb5+ 64. Ka3 Kc2 65. Ka2 65...
Qa4# {Hossa checkmated} 0-1

[Event "ICS rated blitz match"]
[Site "207.99.83.229"]
[Date "1999.07.21"]
[Round "?"]
[White "pagoda"]
[Black "Hossa"]
[Result "0-1"]
[WhiteElo "2123"]
[BlackElo "2429"]
[PlyCount "48"]
[EventDate "1999.??.??"]

1. e4 Nf6 2. Nc3 d5 3. e5 d4 4. Nce2 d3 5. cxd3 Nd5 6. d4 Nc6 7. Nf3 Ndb4 8. d3
f6 9. a3 Nd5 10. h3 Bd7 11. Nc3 e6 12. Be2 Be7 13. O-O O-O 14. Nxd5 exd5 15. b4
a6 16. Be3 fxe5 17. dxe5 d4 18. Nxd4 Nxe5 19. f4 Nf7 20. Bf3 c6 21. Qb3 Bf6 22.
Rad1 Bxh3 23. Ne6 Bxe6 24. Qxe6 24... Re8 {pagoda resigns} 0-1

[Event "ICS rated blitz match"]
[Site "207.99.83.229"]
[Date "1999.07.21"]
[Round "?"]
[White "Hossa"]
[Black "pagoda"]
[Result "0-1"]
[WhiteElo "2434"]
[BlackElo "2118"]
[PlyCount "122"]
[EventDate "1999.??.??"]

1. d4 Nf6 2. c4 e6 3. Nc3 Bb4 4. Bg5 c5 5. Nf3 Qa5 6. Bd2 d6 7. a3 Bxc3 8. Bxc3
Qc7 9. dxc5 dxc5 10. Bxf6 gxf6 11. Qd3 Nc6 12. O-O-O Bd7 13. Qe3 b6 14. Qh6 Ke7
15. e3 Ne5 16. Nxe5 Qxe5 17. Bd3 Bc6 18. f3 Qg5 19. Qxg5 fxg5 20. Rd2 h5 21.
Rhd1 h4 22. b4 Rad8 23. b5 Bb7 24. Kc2 Rd6 25. e4 Rhd8 26. a4 Rd4 27. Kb3 e5
28. Kc2 Bc8 29. Kc3 Be6 30. Be2 f5 31. exf5 Bxf5 32. Bd3 Be6 33. h3 Kf6 34. Bf1
Bc8 35. Rd3 Bb7 36. Be2 Rxd3+ 37. Rxd3 Rd4 38. Bd1 Kf5 39. Be2 Kf4 40. a5 Rxd3+
41. Bxd3 Kg3 42. a6 Ba8 43. Bf5 Kxg2 44. Kd2 Kxf3 45. Bd7 Be4 46. Be6 Kf4 47.
Ke2 Bf5 48. Bxf5 Kxf5 49. Kf3 e4+ 50. Ke2 Kf4 51. Kd2 e3+ 52. Kc3 Kf3 53. Kd3
e2 54. Kd2 Kf2 55. Kd3 e1=Q 56. Kc2 Qe3 57. Kb2 Qd2+ 58. Kb1 Ke2 59. Ka1 Kd3
60. Kb1 Kc3 61. Ka1 61... Qb2# {Hossa checkmated} 0-1